Budhanum Nanuguruvum (Record no. 110944)
[ view plain ]
| 000 -LEADER | |
|---|---|
| fixed length control field | 00366nam a2200121Ia 4500 |
| 008 - FIXED-LENGTH DATA ELEMENTS--GENERAL INFORMATION | |
| fixed length control field | 211119s9999||||xx |||||||||||||| ||und|| |
| 082 ## - DEWEY DECIMAL CLASSIFICATION NUMBER | |
| Classification number | 294.3 |
| Item number | SUG-B |
| 100 ## - MAIN ENTRY--PERSONAL NAME | |
| Personal name | Sugathan, K |
| 245 #0 - TITLE STATEMENT | |
| Title | Budhanum Nanuguruvum |
| 260 ## - PUBLICATION, DISTRIBUTION, ETC. | |
| Name of publisher, distributor, etc. | Mathrubhumi Books |
| Place of publication, distribution, etc. | Kottayam |
| Date of publication, distribution, etc. | 2005 |
| 650 ## - SUBJECT ADDED ENTRY--TOPICAL TERM | |
| Topical term or geographic name entry element | Religion |
| 942 ## - ADDED ENTRY ELEMENTS (KOHA) | |
| Koha item type | BOOK |
| 650 ## - SUBJECT ADDED ENTRY--TOPICAL TERM | |
| Form subdivision | Religions of Indic originhinduismEconomics |
| General subdivision | PGR-GANDHIAN STUDIES |
| Withdrawn status | Lost status | Damaged status | Not for loan | Home library | Current library | Date acquired | Cost, normal purchase price | Total Checkouts | Full call number | Barcode | Shelving location | Date last seen | Price effective from | Koha item type |
|---|---|---|---|---|---|---|---|---|---|---|---|---|---|---|
| SB LIBRARY | SB LIBRARY | 19/11/2021 | 120.00 | 294.3 SUG-B | 00124385 | PGR-GANDHIAN STUDIES | 19/11/2021 | 19/11/2021 | BOOK |